Computing for engineers and scientists with FORTRAN 77
This book is also available through the Introductory Engineering Custom Publishing System. If you are interested in creating a course-pack that includes chapters from this book, you can get further information by calling 212-850-6272 or sending email inquiries to engineer&atsign;jwiley.com. A co...
Enregistré dans:
| Auteur principal: | |
|---|---|
| Format: | Livre |
| Langue: | Undetermined |
| Publié: |
New York
Wiley
1988
|
| Sujets: | |
| Tags: |
Ajouter un tag
Pas de tags, Soyez le premier à ajouter un tag!
|
| Thư viện lưu trữ: | Trung tâm Học liệu Trường Đại học Cần Thơ |
|---|
| LEADER | 01484nam a2200217Ia 4500 | ||
|---|---|---|---|
| 001 | CTU_219448 | ||
| 008 | 210402s9999 xx 000 0 und d | ||
| 020 | |c 4.44 | ||
| 082 | |a 620.00285 | ||
| 082 | |b M132 | ||
| 100 | |a McCracken, Daniel D. | ||
| 245 | 0 | |a Computing for engineers and scientists with FORTRAN 77 | |
| 245 | 0 | |c Daniel D. McCracken, William I. Salmon | |
| 260 | |a New York | ||
| 260 | |b Wiley | ||
| 260 | |c 1988 | ||
| 520 | |a This book is also available through the Introductory Engineering Custom Publishing System. If you are interested in creating a course-pack that includes chapters from this book, you can get further information by calling 212-850-6272 or sending email inquiries to engineer&atsign;jwiley.com. A complete treatment of the American National Standard FORTRAN 77 language, this book also offers good coverage of debugging. Promotes clear programming style and easily maintainable programs, via top-down, modular design techniques. Examples are representative of those written on interactive terminals, and many of the runs are illustrated as they appear on MS-DOS machines and Macintoshes. The examples provided (over 135, in all) are highly transportable--all programs have been tested on several systems. Flexible enough for one-quarter to two-semester courses. | ||
| 650 | |a Engineering,Kỹ thuật | ||
| 650 | |x Data processing,Xử lý dữ liệu | ||
| 904 | |i Hải | ||
| 980 | |a Trung tâm Học liệu Trường Đại học Cần Thơ | ||